000 00516nam a2200169 a 4500
005 20140310182408.0
008 050926s19uu xx 00 eng d
020 _a9715555136
050 _aB 5221
_b.G868 2004
100 _aGripaldo, Rolando M.
245 _aFilipino philosophy. Part 1, Section 1:
_btraditional approach /
_cRolando M. Gripaldo.
260 _aManila :
_bDLSU Press,
_c2004.
300 _axvi, 268 p. :
_bill. ;
_c23 cm.
650 _aPhilosophy, Philippines.
942 _cBK
_2lcc
999 _c12778
_d12778